1445 1500 1761 1442 1634 1530 1489 1506 1313 1692 1397 1749 1548 1185 1371 1003 1665 1713 1079 1825 1042 1558 1512 1030 1957 1499 1386 1140 1445 1478 1154 1633 1985 1244 1501 1778 1423 1074 1399 1760 1827 1710 1506 1147 1175 1767 1107 1148 1746 1156 1462 1789 1270 1820 1969 1025 1838 1007 1585 1294 1781 1089 1462 1981 1631 1454 1071 1978 1106 1010 1377 1870 1772 1559 1031 1116 1915 1700 1444 1584 1817 1168 1281 1229 1944 1462 1276 1535 1207 1404 1947 1050 1727 1238 1429 1246 1861 1133 1560 BCNSPRNW ULIB Ver.6.0+V

เปลี่ยนเป็นภาษาไทย

Change to English
 แสดงรายละเอียดบรรณานุกรม
  กลับหน้าหลัก

Brief Record : Get Marc (ISO 2709) : E-mail record : QR code < ปิดหน้าต่าง
LEADER : 00000nam 2200000uu 4500
001    13399128834
003     ULIB
008    241009s2564||||th 000 0 tha d
020    ^a9789740339939
050  4 ^aHM251^bช647จ
100 0  ^aชูชัย สมิทธิไกร
245 10 ^aจิตวิทยาสังคม =^bSocial psychology /^cชูชัย สมิทธิไกร
246 31 ^aSocial psychology
250    ^aพิมพ์ครั้งที่ 2
260    ^aกรุงเทพฯ :^bสำนักพิมพ์จุฬาลงกรณ์มหาวิทยาลัย,^c2564
300    ^a311 หน้า :^bภาพประกอบ ;^c26 ซม.
504    ^aมีบรรณานุกรมและดัชนี
650  4 ^aจิตวิทยาสังคม
650  4 ^aทัศนคติ
945    ^p340^l0^i011049
945    ^p340^l0^i011050
945    ^p340^l0^i011051
999    ^aประนอม เกษจรัล
รายการนี้ยังไม่มีแท็ก
คุณยังไม่ได้ล็อกอิน คุณสามารถมีกิจกรรมร่วมกับเว็บไซต์ได้ แต่ต้องล็อกอินก่อน ::
  ล็อกอิน

รายการสื่อสารสนเทศ

ลำดับที่ ประเภท เลขเรียก/บาร์โค้ด สถานที่ สถานะ
1. การศึกษาทั่วไป
หนังสือสำรอง
สถานะ=หนังสือสำรอง
HM251 ช647จ ฉ.1 
  Barcode: 011049
ห้องสมุดวิทยาเขตสวรรค์ประชารักษ์
►หนังสือทั่วไป
บนชั้น
2. การศึกษาทั่วไป
การศึกษาทั่วไป
HM251 ช647จ ฉ.2 
  Barcode: 011050
ห้องสมุดวิทยาเขตสวรรค์ประชารักษ์
►หนังสือทั่วไป
บนชั้น
3. การศึกษาทั่วไป
การศึกษาทั่วไป
HM251 ช647จ ฉ.3 
  Barcode: 011051
ห้องสมุดวิทยาเขตสวรรค์ประชารักษ์
►หนังสือทั่วไป
บนชั้น

รายการใกล้เคียง
    ผู้แต่ง [ชูชัย สมิทธิไกร]

    หัวเรื่อง [จิตวิทยาสังคม]
    หัวเรื่อง [ทัศนคติ]

BibComment


ยังไม่เคยถูกคอมเมนท์

คอมเมนท์ทรัพยากรรายการนี้
  คอมเมนท์: จิตวิทยาสังคม S..


 Copyright 2026. Bcnsprnw @Library